Normal view
MARC view
Entry Personal Name
001 - CONTROL NUMBER
- control field: 56689
003 - CONTROL NUMBER IDENTIFIER
- control field: OSt
005 - DATE AND TIME OF LATEST TRANSACTION
- control field: 20160513125342.0
008 - FIXED-LENGTH DATA ELEMENTS
- fixed length control field: 160513|| aca||aabn | a|a d
040 ## - CATALOGING SOURCE
- Original cataloging agency: OSt
- Transcribing agency: OSt
100 ## - HEADING--PERSONAL NAME
- Personal name: सहगल, सुमन
670 ## - SOURCE DATA FOUND
- Source citation: Work cat.: (OSt)9423: सहगल, सुमन, जो कहा नहीं गया , 2000









